| 000 | 00395nam a2200157 a 4500 | ||
|---|---|---|---|
| 001 | 61156 | ||
| 005 | 20180714062658.0 | ||
| 008 | 140415s1989 000 0 spa d | ||
| 041 | _aspa | ||
| 082 |
_a121 _bACK |
||
| 100 | 1 | _aACKOFF, RUSSELL L. | |
| 245 | 1 | 0 | _aREDISEÑANDO EL FUTURO |
| 260 |
_a[s.l.] : _bLIMUSA, _c1989 |
||
| 300 | _a332 | ||
| 650 | 1 | 4 | _aANTROPOLOGIA FILOSOFICA |
| 999 |
_c61156 _d61156 |
||